000 00533nam a2200181Ia 4500
008 090124s9999 xx 000 0 und d
082 _b3892
_a508
100 _aपांडे बा. ना.
245 _a संगीत पुनरागमन
250 _a1
260 _c1929
300 _a64
600 _aपांडे बा. ना.
630 _a संगीत पुनरागमन
700 _aपांडे बा. ना.
730 _a संगीत पुनरागमन
942 _cBOOK
999 _c117833
_d117833